Statistics for Summer Olympics Football - Gold Medal Nations

Click here to take the quiz!

General Stats

  • This quiz has been taken 18 times
  • The average score is 18 of 21

Answer Stats

# MedalsAnswer% Correct
2 (men)Argentina
100%
1 (men)Brazil
100%
1 (womenGermany
100%
3 (men)Great Britain
100%
1 (men)Spain
100%
1 (men)Belgium
94%
1 (men)France
94%
1 (men)Italy
94%
1 (womenNorway
94%
2 (men)Soviet Union
94%
4 (women)United States
94%
2 (men)Uruguay
94%
1 (men)Poland
89%
1 (men)Sweden
89%
3 (men)Hungary
78%
1 (men)Mexico
78%
1 (men)Yugoslavia
78%
1 (men)Czechoslovakia
67%
1 (men)East Germany
67%
1 (men)Nigeria
67%
1 (men)Cameroon
56%

Score Distribution

Percentile by Number Answered

Percent of People with Each Score

Your Score History

You have not taken this quiz